000 003390000a22001570004500
001 000917
003 MACL
040 _aMACL
090 _c917
_d917
100 _aAbhedananda, Swami
245 _aMystery Of Death
_cSwami Abhedananda
260 _aRamakrishna Vedanta Math,
_c1996
350 _a100
650 _aReligion
942 _k294
_cBook
999 _c915
_d915